[Event "Landesliga Sued 1516"]
[Site "Bayern"]
[Date "2016.02.21"]
[Round "7.2"]
[White "Mueller, Alexander"]
[Black "Meier, Volker"]
[Result "1-0"]
[WhiteElo "2235"]
[BlackElo "2215"]
[PlyCount "145"]
[EventDate "2015.10.11"]
[EventType "team-tourn"]
[EventRounds "9"]
[EventCountry "GER"]
[SourceTitle "EXT 2018"]
[Source "ChessBase"]
[SourceDate "2017.10.13"]
[SourceVersion "1"]
[SourceVersionDate "2017.10.13"]
[SourceQuality "1"]
[WhiteTeam "Rottal"]
[BlackTeam "Muenchen Tarrasch"]
[WhiteTeamCountry "GER"]
[BlackTeamCountry "GER"]

1. d4 Nf6 2. Bg5 c5 3. Bxf6 gxf6 4. c3 Qb6 5. Qd2 f5 6. d5 d6 7. e3 Nd7 8. Nf3 Nf6 9. Na3 Bg7 10. Bb5+ Kf8 11. 0-0 a6 12. Be2 Qc7 13. c4 h5 14. Qc2 h4 15. Rad1 Bd7 16. b3 e5 17. dxe6 fxe6 18. Nb1 Rd8 19. Nc3 Bc6 20. Ng5 Qe7 21. Bf3 Ng4 22. Bxc6 bxc6 23. Nh3 Be5 24. Nf4 Kf7 25. h3 Nf6 26. Nd3 Bxc3 27. Qxc3 Ne4 28. Qc2 Qg5 29. Rfe1 Rhg8 30. f3 Nf6 31. Qf2 Qg3 32. Qxg3 Rxg3 33. Ne5+ Ke8 34. Nxc6 Rd7 35. Kh2 Rdg7 36. Re2 Kd7 37. Nb8+ Kc7 38. Nxa6+ Kc6 39. b4 cxb4 40. Nxb4+ Kc5 41. Nd3+ Kc6 42. Rb2 Ra7 43. Rdb1 Nd7 44. Nf4 Nc5 45. Ne2 Rg8 46. Nd4+ Kd7 47. Rd2 Rc8 48. Rb6 Ra6 49. Rxa6 Nxa6 50. Nb5 Rc6 51. Rd4 Nb4 52. Rxh4 Nxa2 53. Rd4 Ke7 54. g4 fxg4 55. fxg4 e5 56. Re4 Nc1 57. g5 Nd3 58. Rh4 Nb2 59. Rh7+ Kf8 60. g6 Nxc4 61. Nc7 d5 62. Nxd5 Rxg6 63. Rc7 Rd6 64. Rxc4 Rxd5 65. Kg3 Kf7 66. Rc6 Ra5 67. h4 Ra4 68. h5 Re4 69. Kf3 Rh4 70. h6 Kg8 71. Re6 Kf7 72. Ra6 Kg8 73. Ke2 1-0

[Event "Landesliga Sued 1415"]
[Site "Bayern"]
[Date "2015.02.22"]
[Round "7.3"]
[White "Mueller, Alexander"]
[Black "Hoefelsauer, Thomas"]
[Result "1/2-1/2"]
[WhiteElo "2235"]
[BlackElo "2297"]
[PlyCount "44"]
[EventDate "2014.10.19"]
[EventType "team-tourn"]
[EventRounds "9"]
[EventCountry "GER"]
[SourceTitle "EXT 2018"]
[Source "ChessBase"]
[SourceDate "2017.10.13"]
[SourceVersion "1"]
[SourceVersionDate "2017.10.13"]
[SourceQuality "1"]
[WhiteTeam "Rottal"]
[BlackTeam "Muenchen Suedost"]
[WhiteTeamCountry "GER"]
[BlackTeamCountry "GER"]

1. e4 c6 2. c4 d5 3. exd5 cxd5 4. d4 Nf6 5. Nc3 e6 6. Nf3 Be7 7. Be2 dxc4 8. Bxc4 0-0 9. 0-0 a6 10. Qd3 b5 11. Bb3 Bb7 12. a3 Nbd7 13. Rd1 Nb6 14. Bg5 Nbd5 15. Ne5 h6 16. Nxd5 hxg5 17. Nxf6+ Bxf6 18. Bc2 g6 19. Nxg6 fxg6 20. Qxg6+ Bg7 21. Qh7+ Kf7 22. Qg6+ Kg8 1/2-1/2

[Event "Landesliga Sued 1415"]
[Site "Bayern"]
[Date "2014.11.23"]
[Round "3.2"]
[White "Mueller, Alexander"]
[Black "Delchev, Aleksander"]
[Result "0-1"]
[WhiteElo "2235"]
[BlackElo "2548"]
[PlyCount "80"]
[EventDate "2014.10.19"]
[EventType "team-tourn"]
[EventRounds "9"]
[EventCountry "GER"]
[SourceTitle "EXT 2018"]
[Source "ChessBase"]
[SourceDate "2017.10.13"]
[SourceVersion "1"]
[SourceVersionDate "2017.10.13"]
[SourceQuality "1"]
[WhiteTeam "Rottal"]
[BlackTeam "Deggendorf"]
[WhiteTeamCountry "GER"]
[BlackTeamCountry "GER"]

1. e4 d5 2. Nc3 dxe4 3. Nxe4 Nd7 4. d4 Ngf6 5. Nxf6+ Nxf6 6. Bc4 Qd6 7. Qd3 a6 8. Ne2 b5 9. Bb3 Bb7 10. f3 e6 11. a4 b4 12. Bf4 Qd7 13. 0-0 Bd6 14. Rfd1 a5 15. c4 bxc3 16. bxc3 Ba6 17. Bc4 Bxc4 18. Qxc4 Nd5 19. Bd2 Nb6 20. Qb3 Qc6 21. Ng3 Qc4 22. Rdb1 Qxb3 23. Rxb3 Nc4 24. Bc1 Kd7 25. Kf1 Rhb8 26. Rxb8 Rxb8 27. Ke2 Bxg3 28. hxg3 Kc6 29. Kd3 Kd5 30. Ra2 h5 31. Bf4 Rb7 32. Bc1 f6 33. Kc2 c6 34. Ba3 g5 35. Bc1 g4 36. Bf4 c5 37. dxc5 Kxc5 38. Bh6 Kd5 39. Kd3 Rb2 40. Rxb2 Nxb2+ 0-1

[Event "GER-chT Nord-Ost U20 U20 1112"]
[Site "Germany"]
[Date "2012.02.18"]
[Round "6.1"]
[White "Mueller, Alexander"]
[Black "Moritz, Aron"]
[Result "0-1"]
[WhiteElo "1951"]
[BlackElo "2150"]
[PlyCount "94"]
[EventDate "2011.09.24"]
[EventType "team-tourn"]
[EventRounds "9"]
[EventCountry "GER"]
[SourceTitle "EXT 2015"]
[Source "ChessBase"]
[SourceDate "2014.11.20"]
[SourceVersion "1"]
[SourceVersionDate "2014.11.20"]
[SourceQuality "1"]

1. Nf3 g6 2. d4 Bg7 3. e4 d6 4. c3 Nf6 5. Nbd2 0-0 6. Bd3 c5 7. 0-0 Nbd7 8. Qe2 e5 9. Nc4 Qc7 10. dxe5 dxe5 11. a4 b6 12. Rd1 Bb7 13. b4 Nh5 14. g3 Rfe8 15. Nd6 Qxd6 16. Bb5 Qf8 17. Bxd7 Red8 18. Bg5 Bf6 19. bxc5 Qxc5 20. Be3 Qc7 21. Bg4 Ng7 22. Qc2 Qc6 23. Nd2 h5 24. Be2 Rac8 25. a5 Ne6 26. axb6 axb6 27. Nc4 b5 28. Nb6 Qxc3 29. Qxc3 Rxc3 30. Bxb5 Rxd1+ 31. Rxd1 Bxe4 32. Bc4 Nd4 33. Nd7 Nf3+ 34. Kh1 Ne1+ 35. Kg1 Nf3+ 36. Kh1 Bg5 37. Bf1 Ne1+ 38. Kg1 Nf3+ 39. Kh1 Ne1+ 40. Kg1 Rxe3 41. Nf6+ Kg7 42. h4 Nf3+ 43. Kh1 Kxf6 44. fxe3 Nxh4+ 45. Kh2 Nf3+ 46. Kh1 Bxe3 47. Bg2 Kg5 0-1

[Event "GER-chT Nord-Ost U20 U20 1112"]
[Site "Germany"]
[Date "2011.12.03"]
[Round "4.1"]
[White "Mueller, Alexander"]
[Black "Perestjuk, Marko"]
[Result "1/2-1/2"]
[WhiteElo "1951"]
[BlackElo "1945"]
[PlyCount "130"]
[EventDate "2011.09.24"]
[EventType "team-tourn"]
[EventRounds "9"]
[EventCountry "GER"]
[SourceTitle "EXT 2015"]
[Source "ChessBase"]
[SourceDate "2014.11.20"]
[SourceVersion "1"]
[SourceVersionDate "2014.11.20"]
[SourceQuality "1"]

1. d4 d5 2. c4 e6 3. Nf3 c6 4. e3 Bd6 5. Nc3 f5 6. Bd3 Nf6 7. Qc2 Ne4 8. 0-0 Nd7 9. Nd2 0-0 10. g3 Qg5 11. f4 Qg4 12. Be2 Qh3 13. Ndxe4 fxe4 14. Bd2 Nf6 15. Rab1 Ng4 16. Bxg4 Qxg4 17. b4 Bd7 18. b5 Rf7 19. a4 Raf8 20. Qa2 g5 21. bxc6 bxc6 22. Kh1 Bc8 23. cxd5 exd5 24. Rf2 Ba6 25. Nxd5 cxd5 26. Qxd5 Bb8 27. Qxe4 Qd7 28. Kg1 Bb7 29. Qd3 Qd5 30. Kf1 Ba6 31. Qxa6 Qh1+ 32. Ke2 Qxb1 33. f5 Qe4 34. Qc4 Kg7 35. Bc3 Kh6 36. Bb4 Kg7 37. Bxf8+ Rxf8 38. Qd3 Qxd3+ 39. Kxd3 Rd8 40. Rb2 Kf6 41. e4 Rxd4+ 42. Ke3 Rd8 43. Rb7 Rh8 44. h3 h5 45. a5 Bxg3 46. Rxa7 Rd8 47. Ra6+ Rd6 48. Ra8 Bf4+ 49. Ke2 Ke5 50. a6 Kd4 51. a7 Rd7 52. f6 Bd6 53. e5 Bxe5 54. f7 Bd6 55. f8Q Bxf8 56. Rxf8 Rxa7 57. Rh8 h4 58. Rg8 Ra5 59. Kf3 Ra3+ 60. Kg4 Rg3+ 61. Kf5 Rxh3 62. Rxg5 Rg3 63. Rh5 h3 64. Kf4 Ra3 65. Kg4 Rb3 1/2-1/2

[Event "GER-ch U16"]
[Site "Oberhof"]
[Date "2011.06.17"]
[Round "8"]
[White "Mueller, Alexander"]
[Black "Stahnecker, Ludwig"]
[Result "0-1"]
[WhiteElo "1908"]
[BlackElo "2087"]
[PlyCount "95"]
[EventDate "2011.06.11"]
[EventType "swiss"]
[EventRounds "9"]
[EventCountry "GER"]
[SourceTitle "CBM 142 Extra"]
[Source "ChessBase"]
[SourceDate "2011.06.27"]
[SourceVersion "1"]
[SourceVersionDate "2011.06.27"]
[SourceQuality "1"]

1. e4 c5 2. Nf3 e6 3. d4 cxd4 4. Nxd4 a6 5. Bd3 Qc7 6. 0-0 Nf6 7. Qe2 d6 8. Bd2 Nbd7 9. Nc3 g6 10. Nb3 Bg7 11. a4 b6 12. a5 b5 13. Bxb5 axb5 14. Nxb5 Qb8 15. Bb4 Bf8 16. N3d4 Ba6 17. c4 e5 18. Bxd6 Qb7 19. Bxf8 Kxf8 20. Nd6 Qb4 21. N4b5 Bxb5 22. Nxb5 Rxa5 23. Rxa5 Qxa5 24. f4 Qb6+ 25. Kh1 Kg7 26. b4 Qc6 27. Nc3 Rc8 28. c5 Re8 29. f5 Rb8 30. Qc4 Nb6 31. Qa6 Qa8 32. Qd3 Rd8 33. Qf3 Nbd7 34. Rd1 Nf8 35. Rf1 N8d7 36. Nd5 g5 37. Qe3 h6 38. Rd1 Nb8 39. Qc3 Qa4 40. Ra1 Nxd5 41. exd5 Rxd5 42. f6+ Kg8 43. Re1 Nc6 44. Rg1 Qxb4 45. Qh3 Qe4 46. Ra1 Kh7 47. Qc8 Rd8 48. Qc7 0-1

[Event "GER-chT DLM U20"]
[Site "Wismar"]
[Date "2009.10.01"]
[Round "4"]
[White "Mueller, Alexander"]
[Black "Weber, Max"]
[Result "1/2-1/2"]
[WhiteElo "1928"]
[BlackElo "1894"]
[PlyCount "126"]
[EventDate "2009.09.30"]
[EventType "team-swiss"]
[EventRounds "7"]
[EventCountry "GER"]
[SourceTitle "CBM 132 Extra"]
[Source "ChessBase"]
[SourceDate "2009.11.03"]
[SourceVersion "1"]
[SourceVersionDate "2009.11.03"]
[SourceQuality "1"]
[WhiteTeam "Sachsen Anhalt U20"]
[BlackTeam "Mecklenburg-Vorpommern U20 II"]
[WhiteTeamCountry "GER"]
[BlackTeamCountry "GER"]

1. e4 e6 2. d4 d5 3. Nd2 Be7 4. Bd3 c5 5. dxc5 Nf6 6. Qe2 0-0 7. Ngf3 a5 8. 0-0 Nc6 9. c3 Nd7 10. exd5 exd5 11. Nb3 a4 12. Nbd4 Nxc5 13. Bf5 Re8 14. Qc2 Bxf5 15. Nxf5 Bf6 16. Be3 Ne4 17. N5d4 Qd7 18. Rad1 Na5 19. Bf4 Nc4 20. Rfe1 Rad8 21. Ne2 Qb5 22. b3 axb3 23. axb3 Ncd6 24. Nfd4 Qb6 25. Bxd6 Qxd6 26. f3 Nc5 27. b4 Ne6 28. Nf5 Qc7 29. Qd3 g6 30. Nh6+ Kf8 31. Ng4 Bg7 32. g3 Qc4 33. Ne3 Qxd3 34. Rxd3 d4 35. cxd4 Nxd4 36. Nxd4 Rxd4 37. Rxd4 Bxd4 38. Kf2 Re6 39. f4 Ke7 40. Kf3 Kd7 41. Re2 b5 42. Nc2 Rxe2 43. Kxe2 Bg1 44. Kf1 Ba7 45. h3 f5 46. Ke2 Kc6 47. Kd3 Bf2 48. g4 fxg4 49. hxg4 h5 50. f5 gxf5 51. gxh5 Kd5 52. h6 Bh4 53. Nd4 f4 54. Nxb5 Ke5 55. Nd4 Kf6 56. Ke4 Kg6 57. Kxf4 Bg5+ 58. Ke5 Kxh6 59. Ne6 Be3 60. Kd6 Kg6 61. Nc5 Kf6 62. b5 Bf4+ 63. Kd7 Be3 1/2-1/2

[Event "GER-chT DLM U20"]
[Site "Wismar"]
[Date "2009.10.01"]
[Round "3"]
[White "Mueller, Tobias"]
[Black "Mueller, Alexander"]
[Result "1-0"]
[WhiteElo "1922"]
[BlackElo "1928"]
[PlyCount "73"]
[EventDate "2009.09.30"]
[EventType "team-swiss"]
[EventRounds "7"]
[EventCountry "GER"]
[SourceTitle "CBM 132 Extra"]
[Source "ChessBase"]
[SourceDate "2009.11.03"]
[SourceVersion "1"]
[SourceVersionDate "2009.11.03"]
[SourceQuality "1"]
[WhiteTeam "Hamburg U20"]
[BlackTeam "Sachsen Anhalt U20"]
[WhiteTeamCountry "GER"]
[BlackTeamCountry "GER"]

1. c4 e5 2. g3 Nc6 3. Bg2 g6 4. Nc3 Bg7 5. d3 d6 6. e3 f5 7. Nge2 Nf6 8. 0-0 0-0 9. Rb1 Be6 10. Nd5 Qd7 11. b4 Nd8 12. b5 Ne8 13. a4 c6 14. Nb4 g5 15. f4 exf4 16. gxf4 g4 17. Bb2 Bxb2 18. Rxb2 Rc8 19. Nd4 Bf7 20. e4 fxe4 21. Bxe4 Ng7 22. f5 d5 23. cxd5 c5 24. f6 cxb4 25. fxg7 Re8 26. Bf5 Qxd5 27. Bxc8 Qxd4+ 28. Rbf2 h5 29. Qd2 Re3 30. Re1 Rf3 31. Re4 Qc5 32. d4 Rxf2 33. Qh6 Rg2+ 34. Kxg2 Qc2+ 35. Kg3 Qc3+ 36. Kh4 Qh3+ 37. Kg5 1-0

[Event "GER-ch U14"]
[Site "Willingen"]
[Date "2009.06.03"]
[Round "6"]
[White "Mueller, Alexander"]
[Black "Mundorf, Johannes"]
[Result "0-1"]
[WhiteElo "1961"]
[BlackElo "1688"]
[PlyCount "66"]
[EventDate "2009.05.30"]
[EventType "swiss"]
[EventRounds "9"]
[EventCountry "GER"]
[SourceTitle "EXT 2010"]
[Source "ChessBase"]
[SourceDate "2010.11.25"]
[SourceVersion "1"]
[SourceVersionDate "2010.11.25"]
[SourceQuality "1"]

1. e4 e6 2. d4 d5 3. Nd2 dxe4 4. Nxe4 Nd7 5. Bd3 Ngf6 6. Qe2 c5 7. Be3 Nxe4 8. Bxe4 Nf6 9. Qd3 c4 10. Qxc4 Nxe4 11. Nf3 Be7 12. 0-0 0-0 13. Rad1 Nf6 14. Ne5 Bd7 15. Qd3 Nd5 16. c4 Nxe3 17. fxe3 f6 18. Nf3 Be8 19. Qe4 Qd7 20. Qd3 Bf7 21. e4 e5 22. d5 Bc5+ 23. Kh1 Qg4 24. a3 a5 25. Rfe1 Kh8 26. Qe2 Be8 27. d6 Bc6 28. Rd3 Rad8 29. h3 Qf4 30. g3 Qh6 31. Kg2 f5 32. Nd2 fxe4 33. Nxe4 Bxe4+ 0-1

[Event "GER-ch U14"]
[Site "Willingen"]
[Date "2009.05.31"]
[Round "2"]
[White "Mueller, Alexander"]
[Black "Stoevesand, Peter"]
[Result "1-0"]
[WhiteElo "1961"]
[BlackElo "1687"]
[PlyCount "91"]
[EventDate "2009.05.30"]
[EventType "swiss"]
[EventRounds "9"]
[EventCountry "GER"]
[SourceTitle "EXT 2010"]
[Source "ChessBase"]
[SourceDate "2010.11.25"]
[SourceVersion "1"]
[SourceVersionDate "2010.11.25"]
[SourceQuality "1"]

1. e4 e5 2. Nf3 Nc6 3. Bc4 Bc5 4. d3 d6 5. c3 Nf6 6. 0-0 Bg4 7. Nbd2 0-0 8. h3 Bh5 9. Re1 Na5 10. Bb5 a6 11. Ba4 b5 12. Bc2 Bb6 13. Nf1 c5 14. Ng3 Bg6 15. Bg5 h6 16. Be3 Qc7 17. Nh4 Nc6 18. Qf3 Ne7 19. Bxh6 d5 20. Bg5 dxe4 21. dxe4 Nh7 22. Be3 a5 23. Nhf5 a4 24. Rad1 Ba5 25. Nxe7+ Qxe7 26. Nf5 Bxf5 27. Qxf5 a3 28. Rd7 Qe8 29. Bxc5 g6 30. Qg4 Nf6 31. Re7 Nxg4 32. Rxe8 Rfxe8 33. b4 Nxf2 34. bxa5 Nxh3+ 35. gxh3 Rxa5 36. Rd1 Raa8 37. Bb3 Red8 38. Bd5 Rac8 39. Bb4 Kg7 40. Rf1 Rd7 41. Rf3 Ra7 42. Kf2 Rd8 43. Bc5 Ra4 44. Rxf7+ Kh6 45. Bf8+ Kh5 46. Rh7+ 1-0

[Event "GER-chT Lands U20"]
[Site "Dresden"]
[Date "2008.11.14"]
[Round "2.5"]
[White "Wagner, Dennis"]
[Black "Mueller, Alexander"]
[Result "1-0"]
[WhiteElo "1874"]
[BlackElo "1895"]
[PlyCount "55"]
[EventDate "2008.11.14"]
[EventType "team-swiss"]
[EventRounds "7"]
[EventCountry "GER"]
[SourceTitle "EXT 2010"]
[Source "ChessBase"]
[SourceDate "2010.11.25"]
[SourceVersion "1"]
[SourceVersionDate "2010.11.25"]
[SourceQuality "1"]
[WhiteTeam "Hessen"]
[BlackTeam "Sachsen Anhalt"]
[WhiteTeamCountry "GER"]
[BlackTeamCountry "GER"]

1. e4 c5 2. Nf3 e6 3. Nc3 Nc6 4. d4 cxd4 5. Nxd4 Qc7 6. Be3 a6 7. Bd3 Nf6 8. 0-0 Be7 9. f4 Bc5 10. Nf5 Bxe3+ 11. Nxe3 d6 12. Kh1 b5 13. Bxb5 axb5 14. Nxb5 Qb6 15. Nc4 Qd8 16. Ncxd6+ Ke7 17. e5 Nd5 18. Qh5 g6 19. Qg5+ Kf8 20. Qh6+ Ke7 21. c4 Ne3 22. Qg7 Rf8 23. Rfd1 Nxd1 24. Rxd1 Qb6 25. Qf6+ Kd7 26. Nf5+ Nd4 27. Qe7+ Kc6 28. Nfxd4+ 1-0

[Event "GER-ch U25 op"]
[Site "Willingen"]
[Date "2008.05.14"]
[Round "6"]
[White "Wolkow, Michael"]
[Black "Mueller, Alexander"]
[Result "0-1"]
[WhiteElo "1566"]
[BlackElo "1807"]
[PlyCount "68"]
[EventDate "2008.05.11"]
[EventType "swiss"]
[EventRounds "9"]
[EventCountry "GER"]
[SourceTitle "CBM 124 Extra"]
[Source "ChessBase"]
[SourceDate "2008.07.03"]
[SourceVersion "1"]
[SourceVersionDate "2008.07.03"]
[SourceQuality "1"]

1. e4 c5 2. Nf3 e6 3. d4 cxd4 4. Nxd4 Nc6 5. Nc3 Qc7 6. f4 Bb4 7. Ndb5 Qb8 8. a3 Be7 9. e5 a6 10. Nd6+ Bxd6 11. Qxd6 Qxd6 12. exd6 Nf6 13. Be3 b5 14. Be2 Bb7 15. Bf3 0-0 16. 0-0 Rac8 17. a4 b4 18. Na2 a5 19. Bb6 Ne8 20. Bxc6 Rxc6 21. Bxa5 Rxc2 22. Rf2 Rxf2 23. Kxf2 b3 24. Nc1 Bd5 25. Bd8 Nxd6 26. Be7 Ne4+ 27. Kg1 Rc8 28. a5 f6 29. Bb4 Nc5 30. a6 Nxa6 31. Bd2 Rc2 32. Be3 Rxg2+ 33. Kf1 Nb4 34. Nxb3 Nc2 0-1

[Event "GER-ch U12"]
[Site "Willingen"]
[Date "2007.06.01"]
[Round "11"]
[White "Mueller, Alexander"]
[Black "Titgemeyer, Sven"]
[Result "1-0"]
[WhiteElo "1689"]
[BlackElo "1731"]
[PlyCount "37"]
[EventDate "2007.05.26"]
[EventType "swiss"]
[EventRounds "11"]
[EventCountry "GER"]
[SourceTitle "CBM 118 Extra"]
[Source "ChessBase"]
[SourceDate "2007.07.04"]
[SourceVersion "1"]
[SourceVersionDate "2007.07.04"]
[SourceQuality "1"]

1. e4 e5 2. Nf3 Nc6 3. Bc4 Nf6 4. d3 Be7 5. c3 0-0 6. 0-0 d6 7. h3 Be6 8. Bb5 a6 9. Ba4 b5 10. Bc2 d5 11. exd5 Bxd5 12. Nbd2 Nd7 13. Re1 f5 14. Nf1 Bd6 15. Ne3 Be6 16. Nf1 Qf6 17. a4 f4 18. d4 exd4 19. Rxe6 1-0

[Event "GER-ch U12"]
[Site "Willingen"]
[Date "2007.05.26"]
[Round "1"]
[White "Kuehnel, Lena"]
[Black "Mueller, Alexander"]
[Result "0-1"]
[WhiteElo "1325"]
[BlackElo "1689"]
[PlyCount "92"]
[EventDate "2007.05.26"]
[EventType "swiss"]
[EventRounds "11"]
[EventCountry "GER"]
[SourceTitle "CBM 118 Extra"]
[Source "ChessBase"]
[SourceDate "2007.07.04"]
[SourceVersion "1"]
[SourceVersionDate "2007.07.04"]
[SourceQuality "1"]

1. e4 e5 2. Nf3 Nc6 3. Bc4 Bc5 4. c3 Nf6 5. d4 exd4 6. cxd4 Bb4+ 7. Bd2 Bxd2+ 8. Nbxd2 d5 9. exd5 Nxd5 10. Qb3 Na5 11. Qa4+ c6 12. Bxd5 Qxd5 13. Rc1 Qb5 14. Qxb5 cxb5 15. d5 0-0 16. b4 Nc4 17. Nxc4 bxc4 18. Rxc4 Rd8 19. Rd4 Rd6 20. 0-0 b5 21. Rc1 Bb7 22. Rc5 a6 23. Ne5 Rad8 24. Rc7 Rxd5 25. Nf3 Rxd4 26. Nxd4 Rxd4 27. f3 Rxb4 28. Rxb7 g6 29. Re7 Rb2 30. a4 bxa4 31. Re3 Rb3 32. Re1 a3 33. Ra1 a5 34. Kf2 f5 35. Kg3 g5 36. h4 h6 37. hxg5 hxg5 38. Kf2 Kf7 39. g3 Ke6 40. f4 gxf4 41. gxf4 Kd5 42. Re1 Kc4 43. Re5 Rb5 44. Re3 a2 45. Ra3 Rb2+ 46. Ke3 Rb3+ 0-1

[Event "GER-ch op U25"]
[Site "Willingen"]
[Date "2006.06.09"]
[Round "9"]
[White "Mueller, Alexander"]
[Black "Yin, Stanley"]
[Result "0-1"]
[WhiteElo "1469"]
[BlackElo "1898"]
[PlyCount "120"]
[EventDate "2006.06.04"]
[EventType "swiss"]
[EventRounds "9"]
[EventCountry "GER"]
[SourceTitle "EXT 2007"]
[Source "ChessBase"]
[SourceDate "2006.11.23"]
[SourceVersion "1"]
[SourceVersionDate "2006.11.23"]
[SourceQuality "1"]

1. e4 g6 2. d4 c6 3. Nc3 d6 4. Nf3 Bg7 5. h3 Nf6 6. Be3 Nbd7 7. Bd3 b5 8. b4 0-0 9. 0-0 a5 10. a3 Ne8 11. Rb1 Nc7 12. Ne2 axb4 13. axb4 f5 14. c3 d5 15. e5 Ne6 16. Ng5 Nxg5 17. Bxg5 h6 18. Be3 Nb6 19. Qd2 Kh7 20. Ra1 Be6 21. f4 Nc4 22. Bxc4 dxc4 23. Qb2 Qc7 24. Rxa8 Rxa8 25. Ra1 Qb7 26. Nc1 Bd5 27. Rxa8 Qxa8 28. Qa2 Qa4 29. Qxa4 bxa4 30. Kf2 a3 31. g3 Be4 32. Na2 Bb1 33. Bc1 Bxa2 34. Bxa3 e6 35. h4 Bb1 36. Ke3 Be4 37. g4 g5 38. hxg5 hxg5 39. fxg5 Kg6 40. gxf5+ exf5 41. Kf4 Bf8 42. Bb2 Be7 43. Kg3 Bxg5 44. Kf2 f4 45. Bc1 Bh4+ 46. Kg1 Kf5 47. Bd2 f3 48. Be3 Be1 49. Kf1 Bxc3 50. Bf2 Bxb4 51. Be3 c3 52. Bc1 c2 53. Kf2 c5 54. dxc5 Bxc5+ 55. Kf1 f2 56. Bd2 Bd3+ 57. Kg2 f1Q+ 58. Kg3 Be4 59. Bc1 Qg2+ 60. Kh4 Qh2# 0-1

[Event "GER-ch op U25"]
[Site "Willingen"]
[Date "2006.06.08"]
[Round "8"]
[White "Imcke, Patrick"]
[Black "Mueller, Alexander"]
[Result "0-1"]
[WhiteElo "1186"]
[BlackElo "1469"]
[PlyCount "58"]
[EventDate "2006.06.04"]
[EventType "swiss"]
[EventRounds "9"]
[EventCountry "GER"]
[SourceTitle "EXT 2007"]
[Source "ChessBase"]
[SourceDate "2006.11.23"]
[SourceVersion "1"]
[SourceVersionDate "2006.11.23"]
[SourceQuality "1"]

1. e4 c5 2. Nc3 d6 3. f4 Nc6 4. Nf3 g6 5. Bc4 Bg7 6. 0-0 e6 7. d3 Nge7 8. Qe1 0-0 9. f5 d5 10. Bb3 d4 11. Ne2 exf5 12. Qh4 Ne5 13. Ng5 h6 14. Nf3 N7c6 15. Qg3 Kh7 16. Bf4 Qe7 17. h4 Nxf3+ 18. Rxf3 Ne5 19. Kf2 Rd8 20. Bxe5 Bxe5 21. Nf4 Bxf4 22. Rxf4 Re8 23. Re1 Bd7 24. a4 a6 25. Qf3 Qf6 26. Qg3 Be6 27. e5 Qg7 28. Kg1 Bxb3 29. cxb3 Rxe5 0-1

[Event "GER-ch op U25"]
[Site "Willingen"]
[Date "2006.06.06"]
[Round "6"]
[White "Armbrust, Matthias"]
[Black "Mueller, Alexander"]
[Result "1/2-1/2"]
[WhiteElo "1739"]
[BlackElo "1469"]
[PlyCount "61"]
[EventDate "2006.06.04"]
[EventType "swiss"]
[EventRounds "9"]
[EventCountry "GER"]
[SourceTitle "EXT 2007"]
[Source "ChessBase"]
[SourceDate "2006.11.23"]
[SourceVersion "1"]
[SourceVersionDate "2006.11.23"]
[SourceQuality "1"]

1. e4 c5 2. Nc3 d6 3. g3 g6 4. Bg2 Nc6 5. d3 Bg7 6. f4 Bd7 7. Nf3 f5 8. 0-0 Nf6 9. Re1 Ng4 10. h3 Nh6 11. e5 dxe5 12. fxe5 e6 13. Bf4 Nf7 14. Nb5 0-0 15. c3 a6 16. Nd6 Nxd6 17. exd6 Re8 18. Be3 Rc8 19. Bg5 Bf6 20. Bh6 e5 21. h4 Be6 22. Ng5 Bxg5 23. Bxg5 Qxd6 24. Qe2 Bd5 25. Bh3 b5 26. Bg2 Bxg2 27. Kxg2 e4 28. dxe4 Rxe4 29. Qc2 Rg4 30. Qf2 Qd5+ 31. Kh3 1/2-1/2

[Event "GER-ch op U25"]
[Site "Willingen"]
[Date "2006.06.05"]
[Round "4"]
[White "Draeger, Julian"]
[Black "Mueller, Alexander"]
[Result "0-1"]
[WhiteElo "1125"]
[BlackElo "1469"]
[PlyCount "126"]
[EventDate "2006.06.04"]
[EventType "swiss"]
[EventRounds "9"]
[EventCountry "GER"]
[SourceTitle "EXT 2007"]
[Source "ChessBase"]
[SourceDate "2006.11.23"]
[SourceVersion "1"]
[SourceVersionDate "2006.11.23"]
[SourceQuality "1"]

1. e4 c5 2. Nf3 d6 3. d4 cxd4 4. Nxd4 Bd7 5. Nc3 g6 6. Be3 Bg7 7. Qd2 Nf6 8. f3 Nc6 9. 0-0-0 a6 10. h4 Rc8 11. Bh6 Nxe4 12. Nxe4 Bxd4 13. c3 Ba7 14. Re1 Be6 15. Bc4 Nd4 16. Bxe6 Nxe6 17. g4 Qc7 18. f4 Kd7 19. Ng5 Nxg5 20. Bxg5 Rce8 21. Re2 h6 22. Bxe7 Rxe7 23. Rxe7+ Kxe7 24. Qe2+ Kd7 25. Re1 Qd8 26. Qe4 Kc8 27. Qc4+ Qc7 28. Qxc7+ Kxc7 29. Re7+ Kc6 30. Rxf7 Be3+ 31. Kc2 g5 32. hxg5 hxg5 33. f5 Rh4 34. f6 Rxg4 35. Rg7 Rf4 36. f7 b5 37. Kd3 Bb6 38. b3 g4 39. c4 g3 40. cxb5+ axb5 41. b4 g2 42. Rxg2 Rxf7 43. Rc2+ Kd5 44. a3 Rf3+ 45. Ke2 Rxa3 46. Rd2+ Bd4 47. Rd1 Rb3 48. Kd2 Rxb4 49. Kd3 Rb3+ 50. Kc2 Rc3+ 51. Kd2 b4 52. Rb1 b3 53. Kd1 Kc4 54. Kd2 Rc2+ 55. Kd1 Kc3 56. Ke1 b2 57. Kd1 Be3 58. Ke1 Rc1+ 59. Rxc1+ bxc1Q+ 60. Ke2 Qg1 61. Kf3 d5 62. Ke2 Qf2+ 63. Kd1 Qd2# 0-1

[Event "GER-ch op U25"]
[Site "Willingen"]
[Date "2006.06.04"]
[Round "3"]
[White "Mueller, Alexander"]
[Black "Stoevesand, Peter"]
[Result "1-0"]
[WhiteElo "1469"]
[BlackElo "1050"]
[PlyCount "85"]
[EventDate "2006.06.04"]
[EventType "swiss"]
[EventRounds "9"]
[EventCountry "GER"]
[SourceTitle "EXT 2007"]
[Source "ChessBase"]
[SourceDate "2006.11.23"]
[SourceVersion "1"]
[SourceVersionDate "2006.11.23"]
[SourceQuality "1"]

1. e4 e5 2. Bc4 Bc5 3. b4 Bxb4 4. c3 Bc5 5. d4 exd4 6. cxd4 Bb4+ 7. Bd2 Bxd2+ 8. Nxd2 Nf6 9. e5 Ng8 10. Qb3 Qe7 11. Ne2 Nc6 12. 0-0 a6 13. a4 Nb4 14. Bxf7+ Qxf7 15. Qxb4 Ne7 16. Ne4 b6 17. Rac1 0-0 18. Ng5 Qg6 19. Qxe7 Bb7 20. f4 h6 21. Rxc7 Bc6 22. Nf3 Rae8 23. Qb4 b5 24. a5 Qg4 25. h3 Qh5 26. Qd2 Kh8 27. d5 Ba8 28. Rxd7 Rf7 29. Rd6 Qf5 30. Nfd4 Qh7 31. e6 Rf6 32. Ng3 g5 33. Nh5 Rg6 34. f5 Rgg8 35. Nf6 Qg7 36. Nxe8 Rxe8 37. f6 Qf8 38. Rd7 b4 39. Qd3 Qg8 40. Rg7 Qxg7 41. fxg7+ Kxg7 42. Rf7+ Kg8 43. Qh7# 1-0